| 000 | 00466cam a2200205 4500 | ||
|---|---|---|---|
| 001 | D9663 | ||
| 008 | 090401t1969 xxu||||| |||| 00| 0 eng d | ||
| 035 | _a(Sirsi) u21536 | ||
| 041 | _aeng | ||
| 050 | _a339.41 | ||
| 100 | _aWalsh, H.G. | ||
| 245 | _aCurrent issues in cost-benefit analysis | ||
| 260 |
_aLondon _bHMSO _c1969 |
||
| 300 | _a21p | ||
| 350 | _a0.13 | ||
| 490 |
_aCAS Paper _v11 |
||
| 700 | _aWilliams, Alan | ||
| 942 | _n0 | ||
| 948 | _c04/03/1997 | ||
| 999 |
_c88001 _d88001 |
||